|
|
|
|
| LEADER |
01646cas a2200253 a 4500 |
| 001 |
AALejournalIMF008472 |
| 008 |
230101c9999 xx r poo 0 0eng d |
| 020 |
|
|
|c 5.00 USD
|
| 020 |
|
|
|z 9781451857429
|
| 022 |
|
|
|a 1018-5941
|
| 040 |
|
|
|a BD-DhAAL
|c BD-DhAAL
|
| 100 |
1 |
|
|a Tan, Ling.
|
| 245 |
1 |
0 |
|a Singapore, Incorporated Versus the Private Sector :
|b Are Government-Linked Companies Different? /
|c Ling Tan, Carlos Ramirez.
|
| 264 |
|
1 |
|a Washington, D.C. :
|b International Monetary Fund,
|c 2003.
|
| 300 |
|
|
|a 1 online resource (21 pages)
|
| 490 |
1 |
|
|a IMF Working Papers
|
| 500 |
|
|
|a <strong>Off-Campus Access:</strong> No User ID or Password Required
|
| 500 |
|
|
|a <strong>On-Campus Access:</strong> No User ID or Password Required
|
| 506 |
|
|
|a Electronic access restricted to authorized BRAC University faculty, staff and students
|
| 520 |
3 |
|
|a Government-linked companies (GLCs) have a significant presence in Singapore's corporate sector. Unlike parastatals in many other countries, these companies are run on a competitive, commercial basis, ostensibly without government privileges. Based on data from publicly listed GLCs and non-GLCs, we indeed find no evidence that GLCs have easier access to credit. However, we do find that being a GLC is rewarded in financial markets with a positive premium, over and above what can be explained by the usual determinants of Tobin's q.
|
| 538 |
|
|
|a Mode of access: Internet
|
| 700 |
1 |
|
|a Ramirez, Carlos.
|
| 830 |
|
0 |
|a IMF Working Papers; Working Paper ;
|v No. 2003/156
|
| 856 |
4 |
0 |
|z Full text available on IMF
|u http://elibrary.imf.org/view/journals/001/2003/156/001.2003.issue-156-en.xml
|z IMF e-Library
|